• 首页
  • 本馆介绍
  • 公告通知
  • 最新文献
  • 馆藏检索
  • 电子资源
  • 读者导购
  • 参考咨询
  • 我的图书馆
  • 登录
  • 详细信息显示
  • 放入我的书架
  • 预约/预借图书
  • 作者相关作品
  • 分类相关作品
  • 丛书相关作品
  • 出版社相关作品

书目信息

  • 表格格式
  • 工作单格式
  • 卡片格式
题名:
云梦睡虎地秦简艺术研究
    
 
作者: 陈谷栋 主编
分册:  
出版信息: 武汉   长江文艺出版社  2015
页数: 176页
开本: 21cm
丛书名:
单 册:
中图分类: K877.54
科图分类:
主题词: 云梦竹简--研究--秦代
电子资源:
ISBN: 978-7-5354-8227-3
000 00788nam0 2200229 450
001 012001004548
005 20140928162349.0
010    @a978-7-5354-8227-3@dCNY45.00
100    @a20170328d2015 em y0chiy50 ea
101 0  @achi
102    @aCN@b420000
105    @aa z 000yy
106    @ar
200 1  @a云梦睡虎地秦简艺术研究@9yun meng shui hu de qin jian yi shu yan jiu@f陈谷栋主编
210    @a武汉@c长江文艺出版社@d2015
215    @a176页@c图@d21cm
330    @a本书以云梦睡虎地秦简的发掘为基础,从艺术的角度进行研究秦简,见解独到、特色鲜明,专注于对睡虎地秦简书法艺术和美学价值的鉴赏与发掘。
606 0  @a云梦竹简@x研究@z秦代
690    @aK877.54@v5
701  0 @a陈谷栋@9chen gu dong@f(1962-)@4主编
801  0 @aCN@b上海新华@c20180901
905    @b1170912-6@dK877.54@e405@f5
    
    云梦睡虎地秦简艺术研究/陈谷栋主编.-武汉:长江文艺出版社,2015
    176页:图;21cm
    
    
    ISBN 978-7-5354-8227-3:CNY45.00
    本书以云梦睡虎地秦简的发掘为基础,从艺术的角度进行研究秦简,见解独到、特色鲜明,专注于对睡虎地秦简书法艺术和美学价值的鉴赏与发掘。
●
相关链接 在E读中查询图书 在五车中查询图书 在当当中查询图书 在豆瓣中查询图书


正题名:云梦睡虎地秦简艺术研究     索取号:K877.54/405         预约/预借

序号 登录号 条形码 馆藏地/架位号 状态 备注
1 1170912   211709123   第二样本阅览室/ [索取号:K877.54/405] 在馆    
2 1170913   211709132   密集书库-史法系/ [索取号:K877.54/405] 在馆    
3 1170914   211709141   第二借阅区/ [索取号:K877.54/405] 在馆    
4 1170915   211709150   第二借阅区/ [索取号:K877.54/405] 在馆    
5 1170916   211709169   第二借阅区/ [索取号:K877.54/405] 在馆    
唐山师范学院图书馆 欢迎您!
大连网信软件有限公司© 版权所有